The democracy advantage : (Record no. 6055)
[ view plain ]
| 000 -LEADER | |
|---|---|
| fixed length control field | 00836cam a22002294a 4500 |
| 003 - CONTROL NUMBER IDENTIFIER | |
| control field | OSt |
| 005 - DATE AND TIME OF LATEST TRANSACTION | |
| control field | 20260205132833.0 |
| 008 - FIXED-LENGTH DATA ELEMENTS--GENERAL INFORMATION | |
| fixed length control field | 040422s2005 nyua b 001 0 eng |
| 020 ## - INTERNATIONAL STANDARD BOOK NUMBER | |
| International Standard Book Number | 041595052X |
| Qualifying information | hb : alk. paper |
| 040 ## - CATALOGING SOURCE | |
| Original cataloging agency | KABLIB |
| Transcribing agency | KABLIB |
| Language of cataloging | eng |
| Description conventions | rda |
| 082 00 - DEWEY DECIMAL CLASSIFICATION NUMBER | |
| Classification number | 321.8 |
| Edition number | 23 |
| Item number | HAL |
| 100 1# - MAIN ENTRY--PERSONAL NAME | |
| Personal name | Halperin, Morton H. |
| 9 (RLIN) | 15247 |
| 245 14 - TITLE STATEMENT | |
| Title | The democracy advantage : |
| Remainder of title | how democracies promote prosperity and peace / |
| Statement of responsibility, etc. | Morton H. Halperin, Joseph T. Siegle, and Michael M. Weinstein. |
| 260 ## - PUBLICATION, DISTRIBUTION, ETC. | |
| Place of publication, distribution, etc. | New York : |
| Name of publisher, distributor, etc. | Routledge, |
| Date of publication, distribution, etc. | 2005. |
| 300 ## - PHYSICAL DESCRIPTION | |
| Extent | xv, 290 p. : |
| Other physical details | ill. ; |
| Dimensions | 24 cm. |
| 504 ## - BIBLIOGRAPHY, ETC. NOTE | |
| Bibliography, etc. note | Includes bibliographical references (p. 271-282) and index. |
| 650 #0 - SUBJECT ADDED ENTRY--TOPICAL TERM | |
| Topical term or geographic name entry element | Democracy. |
| 650 #0 - SUBJECT ADDED ENTRY--TOPICAL TERM | |
| Topical term or geographic name entry element | Economic development |
| General subdivision | Political aspects. |
| 9 (RLIN) | 15158 |
| 700 1# - ADDED ENTRY--PERSONAL NAME | |
| Personal name | Siegle, Joseph T., |
| 9 (RLIN) | 15339 |
| 700 1# - ADDED ENTRY--PERSONAL NAME | |
| Personal name | Weinstein, Michael M. |
| 9 (RLIN) | 15340 |
| 942 ## - ADDED ENTRY ELEMENTS (KOHA) | |
| Source of classification or shelving scheme | Dewey Decimal Classification |
| Koha item type | Book |
| Withdrawn status | Lost status | Source of classification or shelving scheme | Damaged status | Not for loan | Home library | Current library | Shelving location | Date acquired | Source of acquisition | Total Checkouts | Full call number | Barcode | Date last seen | Price effective from | Koha item type |
|---|---|---|---|---|---|---|---|---|---|---|---|---|---|---|---|
| Dewey Decimal Classification | Mukombe Library | Mukombe Library | Open Access Section | 05.02.2026 | Donation | 321.8 HAL | 14538 | 05.02.2026 | 05.02.2026 | Book |